000 00736nam a2200253Ia 4500
003 OSt
005 20220925190005.0
006 a|||||r|||| 00| 0
007 ta
008 220923b |||||||| |||| 00| 0 eng d
020 _a0801812925
037 _cGeneral Book
040 _aRTL
_cRTL
_beng
041 _2eng
_aeng
082 _aT:(X:75), L2
100 _aFox Karl A Ed.
_9236624
245 0 _aEconomic analysis for educational planning
_b Resou
260 _aBaltimore
_bJohns Hopkins University Press
_c1972
300 _axiii, 376p.
_ccm.
500 _aBibliography p.344-66
650 _aEducation-Finance
_9236625
942 _hT:(X:75), L2
_cGB
_2CC
999 _c512916
_d512916